Engineering mechanics dynamics (Record no. 5219)
[ view plain ]
| 000 -LEADER | |
|---|---|
| fixed length control field | 00515nam a2200181Ia 4500 |
| 003 - CONTROL NUMBER IDENTIFIER | |
| control field | SGT |
| 020 ## - INTERNATIONAL STANDARD BOOK NUMBER | |
| International Standard Book Number | 9788126527632 |
| 082 ## - DEWEY DECIMAL CLASSIFICATION NUMBER | |
| Classification number | 620.1 |
| Item number | MER |
| 100 ## - MAIN ENTRY--PERSONAL NAME | |
| Personal name | Meriam, J. L |
| 245 ## - TITLE STATEMENT | |
| Title | Engineering mechanics dynamics |
| 250 ## - EDITION STATEMENT | |
| Edition statement | 6th Ed. |
| 260 ## - PUBLICATION, DISTRIBUTION, ETC. (IMPRINT) | |
| Name of publisher, distributor, etc | John Wiley & Sons |
| Place of publication, distribution, etc | New York |
| Year of Publication | 2011 |
| 300 ## - PAGE DESCRIPTION | |
| No. of Pages | 720p. |
| 650 ## - SUBJECT ADDED ENTRY--TOPICAL TERM | |
| Topical term or geographic name as entry element | MECHANILCAL ENGINEERING |
| 653 ## - KEYWORDS--INDEX TERM | |
| Keyword term | KINEMATICS OF PARTICLES,KINETICS SYSTEMS OF PARTICLES,DYNAMICS OF RIGID BODIES,VIBRATION AND TIME RESPONSE |
| 700 ## - ADDED ENTRY--PERSONAL NAME | |
| Personal name | Kraige,L.G |
| 942 ## - ADDED ENTRY ELEMENTS (KOHA) | |
| Source of classification or shelving scheme | Dewey Decimal Classification |
| Koha item type | Books |
| 942 ## - ADDED ENTRY ELEMENTS (KOHA) | |
| -- | 7 |
| Withdrawn status | Lost status | Source of classification or shelving scheme | Damaged status | Not for loan | Home library | Current library | Date acquired | SGTU | Full call number | Accession No. (Barcode) | Date last seen | Bill Date | Koha item type | Total Checkouts | Date last borrowed |
|---|---|---|---|---|---|---|---|---|---|---|---|---|---|---|---|
| Withdrawn | Dewey Decimal Classification | SGT Engineering Library | SGT Engineering Library | 24/04/2011 | SGTU | 620.1 MER | FE3345 | 09/02/2015 | 09/02/2015 | Books | |||||
| Dewey Decimal Classification | SGT Engineering Library | SGT Engineering Library | 24/04/2011 | SGTU | 620.1 MER | FE3346 | 03/01/2025 | 09/02/2015 | Books | 6 | 24/12/2024 | ||||
| Dewey Decimal Classification | SGT Engineering Library | SGT Engineering Library | 24/04/2011 | SGTU | 620.1 MER | FE3347 | 09/02/2015 | 09/02/2015 | Books | ||||||
| Dewey Decimal Classification | SGT Engineering Library | SGT Engineering Library | 24/04/2011 | SGTU | 620.1 MER | FE3348 | 14/12/2018 | 09/02/2015 | Books | 1 | 14/12/2018 | ||||
| Dewey Decimal Classification | SGT Engineering Library | SGT Engineering Library | 24/04/2011 | SGTU | 620.1 MER | FE3349 | 08/05/2019 | 09/02/2015 | Books | 1 | 07/08/2018 | ||||
| Dewey Decimal Classification | SGT Engineering Library | SGT Engineering Library | 28/06/2011 | SGTU | 620.1 MER | FE3752 | 19/12/2024 | 09/02/2015 | Books | 3 | 06/12/2024 |